[Event "ISR-chT"]
[Site "Israel"]
[Date "2004.05.07"]
[Round "11"]
[White "Roiz, Michael"]
[Black "Kundin, Alexander"]
[Result "1-0"]
[WhiteElo "2544"]
[BlackElo "2424"]
[Annotator "Roiz,M"]
[PlyCount "137"]
[EventDate "2004.01.03"]
[EventType "team"]
[EventRounds "11"]
[EventCountry "ISR"]
[SourceTitle "CBM 101"]
[Source "ChessBase"]
[SourceDate "2004.07.27"]
[SourceVersion "1"]
[SourceVersionDate "2004.07.27"]
[SourceQuality "1"]

1. c4 c6 2. Nf3 d5 3. d4 Nf6 4. Nc3 e6 5. Bg5 h6 6. Bh4 Be7 {After some
thought Alex chooses a quiet continuation.} ({In his previous games Alex played
} 6... dxc4 7. e4 g5 8. Bg3 b5) 7. e3 (7. cxd5 exd5 8. Qc2 g6 {[%cal Gc8f5]
doesn't promise much for white.}) 7... O-O 8. Qc2 ({I wasn't satisfied with
the result of the opening 2 months before this game:} 8. cxd5 cxd5 9. Bd3 Nc6
10. O-O Ne4 11. Bxe7 Nxc3 $11 {1-0 Roiz,M-Godena,M/St Vincent ITA 2004 (35)})
8... Nbd7 ({Desrves attention is:} 8... a6 $5 9. c5 ({After} 9. cxd5 cxd5 $11 {
[%csl Rc2][%cal Gb8c6] white's queen is placed badly.}) 9... Nbd7 10. b4 b6 {
[%cal Ga6a5] with an idea of a7-a5, followed by Bc8-a6, swapping the bishops.})
9. cxd5 $5 {Now that exchange is more logical, as black's knight is already on
d7 and cannot be placed on c6.} ({The alternative is:} 9. Rd1 {-->D61}) 9...
exd5 {Now a classical ''Karlsbad'' variation has arised, while 5...h6 is in
white's favour, as he can develop a dangerous attack by g2-g4 after the qside
castle. More than that, the weakness of ''g6'' square may be very important in
case of f7-f5.} (9... Nxd5 10. Bg3 ({Possible is also} 10. Bxe7 $5 Qxe7 11. Bc4
$14 {and it's not for black to prepare e6-e5.}) 10... b6 11. Bc4 Bb7 12. O-O
$14 {leads to a stable advantage of white.}) ({I would prefer:} 9... cxd5 $5
10. Bd3 a6 11. O-O b5 $14 {with a bit passive but solid position for black.})
10. Bd3 Re8 11. Bg3 $5 {In my opinion the only way to fight for a serious
advantage is avoiding exchanges.} (11. O-O Ne4 12. Bxe4 Bxh4 13. Nxh4 (13. Bh7+
Kh8 14. Bd3 Be7 15. Rfe1 Nf6 16. Ne5 Be6 17. f4 $14 {1-0 Shariyazdanov,A-Sale,
S/Zadar 1999/CBM 73 ext (39)}) 13... Qxh4 14. g3 Qf6 15. Bg2 Nf8 16. b4 $14 {
1-0 Svetushkin,D-Kofidis,A/Ikaros 2003/CBM 95 ext (38)}) 11... Nf8 (11... Nh5
12. O-O-O Nxg3 13. hxg3 Nf8 14. Kb1 Bf6 15. Bf5 Bxf5 16. Qxf5 Qe7 17. g4 $14 {
1-0 Agdestein,S-Kristensen,B/Trondheim NOR 2004 (61)}) 12. h3 (12. O-O Bd6 13.
Rab1 Bxg3 14. hxg3 Be6 15. b4 Rc8 16. Rfc1 Re7 17. Na4 Rcc7 18. Nc5 $14 {
1/2-1/2 Nogueiras,J-Andersson,U/Leningrad 1987/CBM 03 (26)}) 12... Bd6 $6 {
[%mdl 16384] A serious strategical mistake, which white could exploit by
energetical play.} ({More accurate was} 12... Be6 13. O-O {Quite a typical
position in this opening} N6d7 14. Na4 {White transposes the knight to c5 with
the further  pawns advance of the queenside, so called the pawn minority
attack - the standard plan for White.} a5 15. a3 (15. Rac1 b5 $140 16. Nc3 $14)
15... b5 16. Nc5 {After the exchange on c5 White gets the d4-square under
control.} (16. Nc3 $5 {White has a few plans - to attack a weak c6-pawn  or
preparation of e3-e4.} a4 17. Rfe1 Nb6 18. Re2 Nc4 19. Rae1 $14) 16... Nxc5 17.
dxc5 Nd7 {Black immediately attacks the c5-pawn.} 18. Nd4 $14 {1-0 Sokolov,
I-Seirawan,Y/Enschede 2002/CBM 89/[Milov,V] (41)}) 13. Bxd6 Qxd6 14. O-O $6 {
This quiet move doesn't allow white to take advantage of black's inaccurate
play.} ({Much stronger was:} 14. O-O-O $142 $36 {[%cal Gg2g4] while h7-h6 is a
clear drawback of black's position.}) ({Interesting is also am immediate} 14.
g4 $5) 14... Ne6 {Now h7-h6 is a useful move, as black has the important idea
of Ne6-g5.} 15. Rab1 {That move connected with a typical idea of advancing
qside pawns. But the game shows that it's too slowly.} ({Much stronger was} 15.
Rac1 $142 $1 Ng5 16. Ne5 $14 {and white prevents black from playing c6-c5.})
15... Ng5 16. Ne5 c5 $1 $146 {A very important move, which doesn't allow white
to stabilize the situation by f2-f4 and b2-b4.} ({The following alternatives
are much worse:} 16... Be6 $6 17. b4 a6 18. a4 b5 19. a5 Bd7 20. f4 Nge4 21.
Rfc1 Rac8 22. Bxe4 Nxe4 23. Nxe4 dxe4 24. Qc5 $16 {1-0 Hartereau,P-Jonas,J/
Paris 1993/EXT 2004 (46)}) (16... a6 $6 17. f4 Ne6 18. b4 Nf8 19. a4 Bd7 20. g4
Ne6 21. Rf3 $16 {1/2-1/2 Strutinskaya,G-Chistiakova,T/Serpukhov 2002/EXT 2003 
(32)}) ({I have also considered an opportunity of sacrifice:} 16... Rxe5 17.
dxe5 Qxe5 {but white has probably a several perspective possibilities here.} {
For example:} 18. Rfe1 $5 ({or} 18. Qe2 $5 Nxh3+ 19. gxh3 Bxh3 20. f4 Bxf1 21.
Rxf1 Qe6 22. Rf3 Re8 23. Qg2 $14 {1-0 Requejo,O-Quiroz,C/Peru 2000/EXT 2002 
(47) and white's chanses are also preferable}) 18... Nxh3+ $140 19. gxh3 Bxh3 (
19... Qg5+ 20. Kh2 Qh5 21. Bf1) 20. f4 Qh5 21. Qe2 Qh4 22. Qf3 $16) 17. Rbc1 ({
Nothing gives} 17. Nb5 $6 Qe7 {and white's knight on e5 is vulnerable}) ({
But deserved attention:} 17. f4 $5 Ne6 18. dxc5 Nxc5 (18... Qxc5 19. Qf2 d4 20.
exd4 Qxd4 21. Bc4 Qxf2+ 22. Rxf2 $14) 19. Nb5 (19. Rbc1 Nxd3 20. Qxd3 a6 21.
Rfd1 Be6 $11 {[%csl Re4]}) 19... Qb6 20. Rbc1 Nxd3 21. Qxd3 Bf5 22. Qxf5 Qxb5
23. Rc7 Rf8 $132 {[%csl Re3][%cal Gb5e2]}) 17... a6 $6 {A significant loss of
time.} ({Unsuccessful was also} 17... c4 $6 18. Bf5 {[%cal Gb2b3]} a6 {
(otherwise white could break black's pawn structure by b2-b3)} 19. f4 $1 Ne6 ({
after} 19... Bxf5 20. Qxf5 Ne6 21. g4 {I don't see any normal defence against
22.g5).}) 20. g4 b5 21. Qg2 $36) ({The strongest was} 17... b6 $142 18. Rfd1 (
18. Bb5 Re7) 18... Bb7 $11 {with an equal chances.}) 18. f4 Ne6 ({White also
has a slight advantage after} 18... cxd4 19. exd4 Ne6 (19... Nge4 $5 20. Bxe4
dxe4 21. Rcd1 $14) 20. Qf2 Qb6 21. Rfd1 $14) 19. dxc5 Qxc5 (19... Nxc5 $6 {
is very dangerous in view of} 20. Nxf7 $1 ({Deserves attention also} 20. Nxd5
$5 Nxd3 (20... Nxd5 $2 21. Qxc5 Qxc5 22. Rxc5 Nxe3 23. Re1 $18) 21. Nxf6+ gxf6
22. Qxd3 Qxd3 23. Nxd3 Rxe3 24. Nb4 {[%csl Rf6,Rf7][%cal Gb4d5] with a clear
advantage in the endgame}) 20... Kxf7 21. Bg6+ Kf8 22. Bxe8 Kxe8 23. Nxd5 Qxd5
24. Rfd1 $36) 20. Qf2 d4 {That leads to an unpleasant endgame.} ({Besides,
black has an interesting alternative:} 20... Qb6 21. Rfd1 Nd8 $1 (21... Nc5 22.
e4 $1 dxe4 23. Nxe4 Nfxe4 24. Bxe4 $16) 22. Bb1 Be6 (22... Nc6 $6 23. Nxd5 Nxd5
24. Rxd5 Nxe5 25. fxe5 Be6 26. Rdc5 $16 {[%cal Gf2c2]}) {although after} 23.
Na4 Qa5 24. Nc5 $14 {white's chanses are preferable.}) 21. exd4 Qxd4 (21...
Nxd4 22. Na4 Qa7 (22... Qd6 23. Rfd1 $16) 23. Rc7 $16) 22. Bc4 $1 {It's
important to prevent black from developing his bishop.} (22. Qxd4 Nxd4 23. Rfd1
Be6 $1 24. Bxa6 Rxa6 25. Rxd4 Bxa2 $11) 22... Qxf2+ 23. Rxf2 Nd8 {A very
accurate continuation - now 24...Be6 is practically unavoidable. The drawback
of it is the passivity of Nd8, which will be very significant in the game.} ({
Maybe it was better to seize some space on the qside:} 23... b5 $5 24. Bb3 Ra7
25. Nd5 Nxd5 26. Bxd5 Nf8 {[%cal Gc8e6]} (26... Rae7 27. g3 Bb7 28. Bxb7 Rxb7
29. Rc6 a5 30. Rd2 $14) 27. Bc6 $1 Rd8 28. Bf3 $14 {and white has only a
minimal advantage.}) 24. Be2 Ne6 $1 25. Bc4 {That retreat of the bishop is
forced.} ({Black has no any problems after} 25. g3 $6 Nd4 $11) 25... Nd8 26.
Rd1 {I realized that I couldn't take advantage of the ''c'' file.} Be6 27. Be2
{Black has neutralized the pressure of white's bishop over the diagonal a2-f7,
so I transfer it to another important diagonal.} Rc8 28. Bf3 {It's necessary
to prevent black from exchanging white's best piece (Ne5) by 28...Nc6.} ({
Only not} 28. Rd6 $2 Rxc3 $1 29. bxc3 Ne4 $15) 28... Kf8 ({After} 28... b5 {
white can fix black's qside pawns:} 29. a3 $14 {[%csl Ra6,Rb5]}) 29. g4 {
Seizing a space on the kside and planning to attack black's bishop by the way.}
Rc7 ({An attempt to exchange some kside pawns by} 29... g5 {doesn't work in
view of:} 30. fxg5 hxg5 31. Bxb7 $1 Nxg4 32. Nxg4 Nxb7 33. Nf6 Red8 34. Rxd8+
Rxd8 35. Nh7+ Ke7 36. Nxg5 $16) 30. Rfd2 Nc6 $6 {Black doesn't want to wait
anymore, so he is ready to exchange the knights even at cost of vreating a
very serious weakness.} ({In my opinion, it was better to play} 30... Ke7 31.
f5 ({there is nothing special for white after} 31. g5 hxg5 32. fxg5 Nd7 33.
Nxd7 Rxd7 34. Rxd7+ Bxd7 35. Nd5+ Kf8 36. Nc7 Re7 $14) 31... Bc8 $14 {[%cal
Gc7c5] with a worse but defensible position.}) 31. Nxc6 bxc6 32. Kf2 $16 {
Now black has 2 weaknesses on the qside - the pawns c6 and a6. In addition to
it, his pieces are very passive.} Nd5 $6 {Black wants to simplify the position
at cost of a pawn, but the rook ending is completely lost, as white's king is
active.} ({More resistant seems to be} 32... c5 33. f5 Bc8 $16) ({or} 32... Ke7
33. Re2 Kf8 34. Rd6 Bd7 35. Red2 Re6 $16) 33. Nxd5 Bxd5 34. Bxd5 cxd5 35. Rxd5
Rc2+ 36. R5d2 $6 {There was no reason to remove the rook from the active
position.} ({After} 36. R1d2 Rec8 37. Ke3 $142 $18 {white should win without
big technical problems.}) 36... Rec8 37. Ke3 Re8+ 38. Kf3 ({After} 38. Kd3 $6
Rc6 {white's king doesn't feel comfortably.}) 38... Rec8 39. Rd8+ Rxd8 40.
Rxd8+ Ke7 41. Rb8 {There is no reason to exchange the qside pawns at this
stage of the game.} (41. Ra8 Rxb2 42. Rxa6 Rh2 43. Kg3 Rb2) 41... a5 42. h4 g6
{Black prevents white from fixing the kside pawns by 43.h5, as it may allow
white's monarch to get an important square f5 in future.} ({But deserved
attention} 42... a4 $5 43. h5 ({maybe it's better to play} 43. a3 $5 {in order
to advance the monarch before exchanging the qside pawns}) 43... a3 44. bxa3
Rxa2 45. Ra8 Ke6 46. a4 Ra1 {and black is ready to meet an advancing of
white's passed pawn by checks.}) 43. Rb7+ Kf6 44. Rb6+ Ke7 {Black has to keep
his monarch not too far away from the qside.} 45. a4 $1 {Fixing black's pawn
on a5. That would allow white to play b2-b3 and take control of ''c4'' spot.}
Rc4 (45... h5 $2 {is wrong in view of} 46. gxh5 gxh5 47. Rb5 $18) 46. b3 Rc3+
47. Ke4 Rh3 {Black's counterplay on the kside shouldn't be understated, as he
may also create 2 passed pawns.} 48. Rb7+ Ke6 49. Rb6+ Ke7 50. Rb5 {That is a
critical position of the endgame. Now black has to make an important decision.}
Kd6 $2 {The decisive mistake, which allows white to avoid a loss of pawn and
to compromise black's pawn structure on the kside.} ({Besides, black could
reach a good counterchanses after the brave} 50... Rxh4 $1 51. Rxa5 Rxg4 52. b4
({after} 52. Kf3 h5 53. Rg5 f5 $1 {the draw is unavoidable, as black's king
will stop white's pawns.}) 52... h5 (52... g5 $5 53. Rf5 Rg1) 53. Ra7+ Kf6 {
[%cal Gg4g1,Gh5h4] and black's passed pawn can be easily advanced,while Rg4
will attack white's pawns.}) 51. h5 gxh5 52. Rxh5 $1 {Fixing the weakness on
h6.} Rxb3 53. Rxa5 Rb4+ 54. Kf5 {Finally white' monarch is at the ideal
position.} Ke7 55. Ra8 {Freeing the way for the passed pawn.} Rc4 56. a5 Rc5+ {
That loses immediately.} ({An accurate play deserved from white after} 56...
Ra4 57. Ke5 $1 Rb4 (57... Ra1 58. Ra7+ Kf8 59. Kf6 $18) (57... f6+ 58. Kf5 Kf7
59. Ra6) 58. Ra7+ Ke8 59. a6 Ra4 60. f5 $18 {[%cal Ge5f6]}) 57. Ke4 Kf6 (57...
Rc4+ 58. Ke5 Ra4 59. Kf5 Kd6 60. Ra7 $18) 58. Kd4 $18 {Now white's monarch is
very close to the passed pawn, while black has no any counterplay. The game is
over.} Rb5 59. Kc4 Rb1 60. Ra6+ Kg7 61. Rd6 {The rook will defend on the kside
pawns, while the king will be protected from any checks.} Rf1 62. a6 ({Good
enough was also} 62. Rd4 f5 63. gxf5 h5 64. a6 h4 65. Kb5 $18) 62... Rxf4+ 63.
Kb5 Re4 64. a7 Re8 65. Ra6 Ra8 66. Kc6 f6 67. Kb7 Re8 68. a8=Q Rxa8 69. Rxa8
1-0

[Event "Palma de Mallorca FIDE GP"]
[Site "Palma de Mallorca"]
[Date "2017.11.19"]
[Round "4"]
[White "Rapport, Richard"]
[Black "Hammer, Jon Ludvig"]
[Result "1-0"]
[WhiteElo "2692"]
[BlackElo "2629"]
[Annotator "Roiz,M"]
[PlyCount "57"]
[EventDate "2017.11.16"]
[EventType "swiss"]
[EventRounds "9"]
[EventCountry "ESP"]
[SourceTitle "CBM 182"]
[Source "ChessBase"]
[SourceDate "2018.01.17"]
[SourceVersion "1"]
[SourceVersionDate "2018.01.17"]
[SourceQuality "1"]

1. d4 d5 2. c4 {GM Rapport might employ various side lines, but this time he
is choosing the classical approach.} e6 3. Nc3 Nf6 4. cxd5 exd5 5. Bg5 Be7 6.
e3 c6 7. Qc2 Nbd7 8. Nf3 h6 9. Bf4 ({The more popular attempt to fight for the
advantage is} 9. Bh4 Nh5 10. Bxe7 Qxe7 11. O-O-O Nb6 (11... Nhf6 12. Kb1 Nb6
13. Bd3 Bg4 14. Rc1 Bxf3 15. gxf3 O-O-O 16. Qb3 Kb8 17. a4 Rc8 18. a5 Nbd7 19.
e4 $36 {Rodshtein,M - Mamedyarov,S Skopje MKD 2015}) 12. Kb1 Be6 13. Bd3 O-O-O
14. Na4 Nf6 15. Nc5 Bg4 16. Rc1 Bxf3 17. gxf3 $14 {Rodshtein,M - Trent,L
Norderstedt GER 2016}) 9... Nh5 10. O-O-O {According to his style, Richard
accepts the damaged pawn structure. In return, he can benefit from opening the
e-file and full control over the e5-spot.} ({It is worth paying serious
attention to} 10. Be5 $5 Nhf6 (10... Nxe5 11. dxe5 g6 12. Bd3 O-O 13. O-O Ng7
14. h3 Nf5 15. Rad1 $14 {Ehlvest,J - Sveshnikov,V Riga LAT 2011}) 11. Bg3 Nh5
12. Bd3 Nxg3 13. hxg3 Nf6 14. O-O-O Be6 15. Kb1 Qa5 16. Ne5 $14 {Piket,
J-Timman,J Wijk aan Zee NED 1995}) 10... Nxf4 11. exf4 g5 {An interesting, but
very risky decision. Jon Ludvig is searching for early counterplay, but
delaying his development might definitely invite some troubles.} ({More to the
point was} 11... O-O 12. Bd3 (12. g4 b5 13. Rg1 b4 14. Na4 Qc7 $132) 12... a5 (
12... Bd6 13. Ne5 Re8 14. h4 Nf8 15. g4 Bxe5 16. dxe5 Bxg4 17. Rdg1 $19) 13.
Kb1 a4 14. a3 b5 $132 {with a very sharp, double-edged play.}) 12. Bd3 $1 {
That's the point! White's development advantage is becoming threatening.} ({
A less promising try was} 12. g3 gxf4 13. gxf4 Nb6 14. Rg1 Qd6 15. Ne5 Qf6 $132
) 12... gxf4 13. Rhe1 ({Black's dubious strategy could be refuted by means of} 
13. Ne2 $1 Qc7 14. Kb1 Nf8 15. Ne5 Ne6 16. Qd2 (16. g3 f3 17. Nxf3 Bd7 $132)
16... Bd6 17. Rhe1 {with a powerful initiative. The play might continue:} Qb6
18. Nxf4 Bb4 19. Qe3 Bxe1 20. Rxe1 Qxd4 21. Qxd4 Nxd4 22. Neg6+ Be6 23. Nxh8
Ke7 24. Nxe6 Nxe6 25. f4 Kf6 26. Nxf7 Kxf7 27. Re5 $14 {The superiority of
White's bishop over the knight is obvious.}) 13... Kf8 $6 {The king wouldn't
be safe on the kingside.} ({It was the proper moment for liberating the
light-squared bishop:} 13... Nf8 $1 14. Ne2 Ne6 15. Qd2 Qd6 16. Ne5 Rf8 17. Bf5
(17. Nxf4 Bg5 18. g3 Bd7 $132) 17... Kd8 $1 18. Bxe6 Bxe6 19. Nxf4 Bf5 $132)
14. Bf5 $6 {Returning the favour. Now Black obtains an important tempo for
consolidating.} ({A much stronger way was} 14. Ne2 Bd6 15. g3 fxg3 16. fxg3 Nf6
17. Ne5 $36) 14... Bb4 15. a3 ({Nor is anything special achieved after} 15. Re2
Nb6 16. Rde1 Kg7 17. Bxc8 Rxc8 18. Re5 Qd7 19. Rf5 Nc4 $132) 15... Bxc3 ({
Another possibility was} 15... Bd6 $5 16. g3 Qf6 17. Ne2 fxg3 18. fxg3 Nb6 19.
Bxc8 Rxc8 {In the resulting position White has sufficient compensation for a
pawn, but hardly more.}) 16. Qxc3 Nb6 17. g4 $5 {An interesting attempt to
complicate matters.} ({The more natural} 17. Bxc8 Rxc8 {looks scary for Black,
but he should be able to solve the problems:} 18. Re5 (18. Ne5 Rg8 19. g3 fxg3
20. fxg3 Rc7 21. Rf1 Nc4 22. Nxc4 dxc4 23. Qxc4 Rg5 $11) 18... Nc4 19. Rf5 Rg8
20. Ne5 Rc7 21. Nxc4 dxc4 22. Rxf4 (22. d5 Rd7 23. Qb4+ Qe7 24. Qxc4 Rxd5 25.
Rdxd5 cxd5 26. Qxf4 Rxg2 27. Qxh6+ Kg8 $11) (22. Qxc4 Rxg2 23. Qe6 Kg7 24. Qe5+
Kg8 $11) 22... Qd5 23. g3 Re7 $11) 17... Bxf5 ({One possibility was} 17... fxg3
$5 18. Bxc8 Nxc8 19. fxg3 Nd6 20. Rf1 Kg7 $132 {and then White's initiative
isn't worth more than a pawn.}) 18. Qc5+ Kg7 19. gxf5 Qf6 $2 {After this
inaccurate move Jon Ludvig's position is starting to collapse.} ({It was
necessary to play} 19... Nc4 $1 {, and Black seems to be able to consolidate:}
20. Ne5 (20. Re7 Qb6 21. Qxb6 axb6 22. Rxb7 Kf6 23. Ne5 Nxe5 24. dxe5+ Kxe5 25.
Rxf7 Rhf8 $11) 20... Qd6 21. Nxc4 Qxc5 22. dxc5 dxc4 23. Rd7 Rhe8 24. Re6 Kg8
25. Rxh6 Re1+ 26. Kd2 Rae8 $11) 20. Re7 $1 Rhe8 21. Rg1+ Kh7 22. Rge1 $1 $18 {
Now White's pieces are dominating over the board.} Rxe7 23. Qxe7 Qxf5 {
Desperation.} ({Things were also hopeless after} 23... Qxe7 24. Rxe7 Kg8 25.
Ne5 Nc4 26. Nxf7 Kg7 27. Ne5+ Kf6 28. Rf7+ Kg5 29. h4+ Kxh4 30. Rg7 $18) 24.
Nh4 Qd7 25. Qf6 Rg8 ({Or} 25... Re8 26. Rg1 Rg8 27. Rxg8 Kxg8 28. Nf5 $18) 26.
Re7 Qg4 27. Nf5 Qg1+ 28. Kc2 Qxf2+ 29. Kb3 1-0